[Event "OPEN KOMENDA 2017"]
[Site "Komenda"]
[Date "2017.02.05"]
[Round "4.7"]
[White "Perme, Martin"]
[Black "Debevec, Katarina"]
[Result "0-1"]
[WhiteElo "1169"]
[BlackElo "1431"]
[PlyCount "52"]
[EventDate "2017.02.05"]

1. e4 c5 2. Bc4 e6 3. Nf3 Nc6 4. O-O Be7 5. Nc3 a6 6. a4 d6 7. b3 Nf6 8. d3 d5
9. exd5 exd5 10. Bxd5 Nxd5 11. Nxd5 Qxd5 12. Re1 O-O 13. Bb2 Bg4 14. Qd2 Bxf3
15. Qc3 Bf6 16. d4 Nxd4 17. Qe3 Nxc2 18. Qxf3 Qxf3 19. gxf3 Nxe1 20. Rxe1 Bxb2
21. Kg2 Rae8 22. Rb1 Bd4 23. Rf1 Re6 24. Kg3 Rg6+ 25. Kf4 Re8 26. Kf5 Rf6+ 0-1

[Event "OPEN KOMENDA 2017"]
[Site "Komenda"]
[Date "2017.02.05"]
[Round "5.1"]
[White "Kralj, Nejc"]
[Black "Vertacnik, Viktor"]
[Result "0-1"]
[WhiteElo "1724"]
[BlackElo "1559"]
[PlyCount "104"]
[EventDate "2017.02.05"]

1. e4 e5 2. Nf3 Nc6 3. Bc4 Bc5 4. c3 d6 5. O-O Nf6 6. d3 O-O 7. Bb3 Ne7 8. Nbd2
Ng6 9. Re1 Nf4 10. Nf1 N6h5 11. Be3 Bb6 12. Bxb6 axb6 13. Ne3 c6 14. g3 Ng6 15.
Nh4 Nxh4 16. Qxh5 Ng6 17. Rf1 Qf6 18. f4 exf4 19. Ng2 Qe5 20. Qf3 Bh3 21. gxf4
Bxg2 22. Qxg2 Nxf4 23. Qf3 Ne6 24. d4 Qg5+ 25. Kh1 Rae8 26. Rg1 Qf4 27. Qg2 g6
28. Raf1 Qh6 29. Rf3 Nf4 30. Qc2 Re7 31. Rgf1 g5 32. e5 dxe5 33. Qf5 Qg6 34.
Qg4 Qh5 35. Qf5 Qg6 36. Qg4 Nd5 37. Bxd5 cxd5 38. Rf5 f6 39. dxe5 Rxe5 40. Rxe5
fxe5 41. Rxf8+ Kxf8 42. Qe2 Qe4+ 43. Qxe4 dxe4 44. Kg2 Ke7 45. Kf2 Ke6 46. Ke3
Kf5 47. a4 g4 48. b4 h5 49. c4 h4 50. c5 bxc5 51. bxc5 Ke6 52. Kxe4 Kd7 0-1

[Event "OPEN KOMENDA 2017"]
[Site "Komenda"]
[Date "2017.02.05"]
[Round "5.2"]
[White "Vidmar, Klara"]
[Black "Papez, Viktor"]
[Result "0-1"]
[WhiteElo "1595"]
[BlackElo "1835"]
[PlyCount "146"]
[EventDate "2017.02.05"]

1. e4 e5 2. Nf3 Nc6 3. Bc4 Nf6 4. Nc3 Nxe4 5. Nxe4 d5 6. Bd3 dxe4 7. Bxe4 Bd6
8. h3 O-O 9. O-O Ne7 10. c3 f5 11. Bc2 e4 12. Bb3+ Kh8 13. Nd4 Rf6 14. Bc2 Nd5
15. d3 c5 16. Nb5 e3 17. fxe3 Bb8 18. e4 fxe4 19. dxe4 Rxf1+ 20. Qxf1 Nf6 21.
Bg5 a6 22. Bxf6 gxf6 23. Rd1 Qe7 24. Na3 b5 25. Qd3 Bc7 26. Qf3 Qe5 27. Rf1 Kg7
28. Nb1 Be6 29. Rd1 Kf7 30. Nd2 Rg8 31. Nf1 Ke7 32. Bb3 c4 33. Bc2 Bb6+ 34. Kh1
h5 35. Re1 h4 36. Bd1 Qc5 37. Re3 Qe5 38. Re1 Rd8 39. Qh5 Qf4 40. Qf3 Qe5 41.
Qh5 Qf4 42. Qf3 Qd6 43. Ne3 Qe5 44. Nf5+ Kd7 45. Ne3 Kc8 46. Ng4 Bxg4 47. hxg4
Kb8 48. Qh3 Bf2 49. Rf1 Bg3 50. g5 fxg5 51. Qf5 Qxf5 52. exf5 Bf4 53. Bh5 Rf8
54. Bg6 Kc7 55. Re1 Rf6 56. Kg1 a5 57. Kf1 Kd6 58. Re2 g4 59. b3 h3 60. gxh3
gxh3 61. bxc4 bxc4 62. Re4 Be5 63. Rxc4 Kd5 64. Rh4 h2 65. c4+ Kc5 66. Kg2 Rd6
67. a4 Rd8 68. Bf7 Kb4 69. c5+ Kxc5 70. Bg6 Rd2+ 71. Kh1 Ra2 72. Be8 Ra1+ 73.
Kg2 Rg1+ 0-1

[Event "OPEN KOMENDA 2017"]
[Site "Komenda"]
[Date "2017.02.05"]
[Round "5.3"]
[White "Jereb, Lana"]
[Black "Debevec, Katarina"]
[Result "1-0"]
[WhiteElo "1605"]
[BlackElo "1431"]
[PlyCount "57"]
[EventDate "2017.02.05"]

1. e4 c5 2. Nf3 d6 3. d4 cxd4 4. Qxd4 Nc6 5. Bb5 Bd7 6. Bxc6 Bxc6 7. O-O Nf6 8.
Re1 e5 9. Qd3 Be7 10. b3 O-O 11. c4 Qc7 12. Nc3 Rad8 13. Bb2 Qb6 14. Rad1 a6
15. Qc2 Bd7 16. h3 Be6 17. Ba3 Nh5 18. Nxe5 Bf6 19. Nf3 Rfe8 20. Rd2 Rd7 21.
Red1 Red8 22. Nd5 Bxd5 23. Rxd5 Qc6 24. Rxh5 g6 25. Rhd5 b5 26. c5 Be7 27. Qd3
dxc5 28. Rxd7 Rxd7 29. Qxd7 1-0

[Event "OPEN KOMENDA 2017"]
[Site "Komenda"]
[Date "2017.02.05"]
[Round "5.4"]
[White "Macek, Inti"]
[Black "Smolej, Ziga"]
[Result "0-1"]
[WhiteElo "1597"]
[BlackElo "1420"]
[PlyCount "32"]
[EventDate "2017.02.05"]

1. d4 d5 2. c4 c6 3. Nc3 Nf6 4. Bf4 dxc4 5. e3 Nd5 6. Nxd5 cxd5 7. Qa4+ Nc6 8.
Nf3 Bd7 9. Qb5 Nxd4 10. Qxb7 Nc2+ 11. Kd1 Nxa1 12. Bc7 Qc8 13. Qxd5 Ba4+ 14.
Kc1 e6 15. Qe5 Qd7 16. e4 Qd1# 0-1

[Event "OPEN KOMENDA 2017"]
[Site "Komenda"]
[Date "2017.02.05"]
[Round "5.5"]
[White "Zidar, Jernej"]
[Black "Olenik Campa, Rudi"]
[Result "0-1"]
[WhiteElo "1309"]
[BlackElo "1341"]
[PlyCount "118"]
[EventDate "2017.02.05"]

1. d4 Nf6 2. c4 e6 3. Nc3 d5 4. Nf3 Bb4 5. Bg5 Nbd7 6. e3 c5 7. cxd5 exd5 8.
Bb5 Qa5 9. Bxd7+ Bxd7 10. Qc2 cxd4 11. exd4 Ne4 12. Bd2 Rc8 13. Rc1 Bf5 14. Qd1
Bxc3 15. Bxc3 Qb5 16. Qe2 Qxe2+ 17. Kxe2 O-O 18. Ne5 Rfe8 19. Kf1 f6 20. Nf3
Nxc3 21. Rxc3 Rxc3 22. bxc3 Bd3+ 23. Kg1 Re2 24. g3 Rxa2 25. Kg2 Be4 26. Re1
Rc2 27. Re3 a5 28. Kf1 Bxf3 29. Rxf3 a4 30. Ke1 a3 31. Kd1 Rb2 32. Kc1 Rb6 33.
c4 a2 34. Ra3 Rb1+ 35. Kc2 a1=Q 36. Rxa1 Rxa1 37. cxd5 Ra5 38. Kc3 Rxd5 39. Kc4
Rd7 40. Kc5 Kf7 41. d5 Ke7 42. f4 b5 43. Kxb5 Rxd5+ 44. Kc4 Rd1 45. h3 Rg1 46.
g4 Rg3 47. f5 Rxh3 48. Kd4 Rg3 49. Kd5 Rxg4 50. Kc5 Rg1 51. Kb6 Rc1 52. Kb5 h5
53. Kb4 h4 54. Kb3 h3 55. Kb2 Rc8 56. Kb3 h2 57. Kb4 h1=Q 58. Kb5 Qb1+ 59. Ka6
Ra8# 0-1

[Event "OPEN KOMENDA 2017"]
[Site "Komenda"]
[Date "2017.02.05"]
[Round "5.6"]
[White "Ficko, Luka"]
[Black "Hvala, Inja Ajda"]
[Result "0-1"]
[WhiteElo "1562"]
[BlackElo "1187"]
[PlyCount "84"]
[EventDate "2017.02.05"]

1. d4 d5 2. c4 c6 3. Nc3 Nf6 4. e3 Bf5 5. Bd3 Bg6 6. Bxg6 hxg6 7. a4 e6 8. Nf3
Bb4 9. h3 Ne4 10. Bd2 Qa5 11. Rc1 Nd7 12. Qe2 Bxc3 13. Bxc3 Qxa4 14. Qd1 Qxd1+
15. Rxd1 dxc4 16. Nd2 Nxc3 17. bxc3 b5 18. Rb1 Nb6 19. O-O O-O 20. Ra1 a5 21.
Ra2 Ra7 22. Rfa1 Rfa8 23. Nf3 f6 24. g4 Nd5 25. Rc1 Nb6 26. Nh4 Kf7 27. e4 b4
28. cxb4 axb4 29. Rxa7+ Rxa7 30. e5 b3 31. Rb1 Ra2 32. Kg2 b2 33. Nf3 c3 34.
Ne1 Ra1 35. Rxa1 bxa1=Q 36. Nc2 Qb2 37. Ne3 Nd5 38. Nd1 Qc2 39. Ne3 Nxe3+ 40.
Kf3 Nd1 41. exf6 Qxf2+ 42. Ke4 Qe3# 0-1

[Event "OPEN KOMENDA 2017"]
[Site "Komenda"]
[Date "2017.02.05"]
[Round "5.7"]
[White "Cimperman, Teo"]
[Black "Marinc, Primoz"]
[Result "0-1"]
[WhiteElo "1762"]
[BlackElo "1048"]
[PlyCount "104"]
[EventDate "2017.02.05"]

1. d4 d5 2. c4 c6 3. Nc3 Nf6 4. Nf3 Bg4 5. h3 Bh5 6. Bf4 e6 7. e3 Bb4 8. Qb3
Bxc3+ 9. bxc3 Qb6 10. Qxb6 axb6 11. g4 Bg6 12. Bc7 Nbd7 13. Ne5 Nxe5 14. dxe5
Nd7 15. cxd5 exd5 16. Bg2 Rc8 17. Bd6 Nc5 18. Bxc5 bxc5 19. f4 h5 20. gxh5 Rxh5
21. Bf3 Rh4 22. Rc1 c4 23. Bg2 Ke7 24. Kf2 Ra8 25. Kg3 Rh6 26. Ra1 f6 27. exf6+
Kxf6 28. Rhf1 Re8 29. Rfe1 Bd3 30. h4 Rg6+ 31. Kh3 Rh8 32. Rh1 Bf5+ 33. Kh2
Rxh4+ 34. Kg1 Rhg4 35. Rh2 Be4 36. Rf1 Rxg2+ 37. Rxg2 Rxg2+ 38. Kh1 Rxa2+ 39.
Kg1 Rb2 40. Rf2 Rxf2 41. Kxf2 g5 42. fxg5+ Kxg5 43. Ke2 Kg4 44. Kd2 Kf3 45. Kd1
Kxe3 46. Kc1 d4 47. cxd4 Kxd4 48. Kd2 b5 49. Kd1 b4 50. Kd2 c5 51. Kd1 Kc3 52.
Kc1 b3 0-1